[Event "Konakovo"]
[Site "Konakovo"]
[Date "2012.03.08"]
[Round "7"]
[White "Andriyashenko, Vladimir"]
[Black "Matveev, Aleksandr"]
[Result "1/2-1/2"]
[WhiteElo "2093"]
[BlackElo "2081"]
[PlyCount "98"]
[EventDate "2012.03.02"]
[EventType "tourn"]
[EventRounds "13"]
[EventCountry "RUS"]
[SourceTitle "EXT 2014"]
[Source "ChessBase"]
[SourceDate "2013.11.20"]
[SourceVersion "1"]
[SourceVersionDate "2013.11.20"]
[SourceQuality "1"]

1. Nf3 Nf6 2. d4 d5 3. g3 e6 4. Bg2 c5 5. 0-0 Nc6 6. c4 Be7 7. Nc3 dxc4 8. Qa4 Bd7 9. Qxc4 cxd4 10. Nxd4 Rc8 11. Rd1 Qb6 12. Nb3 Ne5 13. Qd4 Qxd4 14. Rxd4 Bc6 15. e4 Rd8 16. Rxd8+ Bxd8 17. Be3 a6 18. Rd1 Nc4 19. Bc1 0-0 20. Nd4 Bb6 21. Nxc6 bxc6 22. Bf1 Ne5 23. h3 a5 24. Kg2 Rd8 25. Rxd8+ Bxd8 26. Be3 Ned7 27. f3 Kf8 28. Kf2 Ke7 29. Na4 Ne8 30. Bd3 Nc7 31. f4 f6 32. g4 Nb5 33. h4 h6 34. h5 Nd6 35. Bd2 Kf7 36. Ke3 Bc7 37. b3 Nb7 38. Bc4 Ke7 39. Bc3 e5 40. f5 Nb6 41. Nb2 Nd6 42. Be6 Nd7 43. Bxd7 Kxd7 44. Kd3 c5 45. a4 Kc6 46. Nd1 Bb6 47. Ne3 Bd8 48. Nd5 Nf7 49. Bd2 Nd6 1/2-1/2

[Event "Konakovo"]
[Site "Konakovo"]
[Date "2012.03.06"]
[Round "5"]
[White "Andriyashenko, Vladimir"]
[Black "Baruishnikov, Valeriy"]
[Result "1/2-1/2"]
[WhiteElo "2093"]
[BlackElo "2057"]
[PlyCount "32"]
[EventDate "2012.03.02"]
[EventType "tourn"]
[EventRounds "13"]
[EventCountry "RUS"]
[SourceTitle "EXT 2014"]
[Source "ChessBase"]
[SourceDate "2013.11.20"]
[SourceVersion "1"]
[SourceVersionDate "2013.11.20"]
[SourceQuality "1"]

1. d4 d6 2. Nf3 Nd7 3. e4 e5 4. Bc4 c6 5. a4 Be7 6. Nc3 Ngf6 7. 0-0 0-0 8. Qe2 Qc7 9. Rd1 h6 10. h3 Re8 11. Be3 Nf8 12. Rd2 Be6 13. dxe5 dxe5 14. Bxe6 Nxe6 15. Qc4 Rad8 16. Rad1 g5 1/2-1/2

[Event "Konakovo"]
[Site "Konakovo"]
[Date "2012.03.05"]
[Round "4"]
[White "Tokarzhevskiy, Aleksey"]
[Black "Andriyashenko, Vladimir"]
[Result "1/2-1/2"]
[WhiteElo "1941"]
[BlackElo "2093"]
[PlyCount "124"]
[EventDate "2012.03.02"]
[EventType "tourn"]
[EventRounds "13"]
[EventCountry "RUS"]
[SourceTitle "EXT 2014"]
[Source "ChessBase"]
[SourceDate "2013.11.20"]
[SourceVersion "1"]
[SourceVersionDate "2013.11.20"]
[SourceQuality "1"]

1. e4 c6 2. d4 d5 3. Nc3 g6 4. Be3 Bg7 5. e5 Bf5 6. g4 Bc8 7. Be2 f6 8. f4 f5 9. h4 Nh6 10. g5 Ng4 11. Qd3 Na6 12. a3 Nc7 13. h5 Nxe3 14. Qxe3 Ne6 15. hxg6 hxg6 16. Rxh8+ Bxh8 17. 0-0-0 Bg7 18. Nf3 b5 19. Nh4 Nf8 20. Qh3 Qd7 21. Rh1 Qe6 22. Nf3 Qg8 23. Nd2 Bd7 24. Nb3 a5 25. Nc5 Ne6 26. Nxd7 Kxd7 27. Qe3 Nc7 28. Kd2 Qb8 29. Rh7 Ne6 30. Bf3 Qb7 31. Ne2 Rh8 32. Rxh8 Bxh8 33. Qb3 Bg7 34. Ke3 a4 35. Qb4 Qa8 36. Nc1 Nc7 37. Nd3 Na6 38. e6+ Kxe6 39. Qa5 Qb7 40. Qd8 Kf7 41. Ne5+ Bxe5 42. fxe5 Nc7 43. Qd7 Qb6 44. Qd8 Qxd4+ 45. Kxd4 Ne6+ 46. Kc3 Nxd8 47. b3 Ke6 48. bxa4 bxa4 49. Kb4 Kxe5 50. Kxa4 Nb7 51. c4 e6 52. Kb4 Kf4 53. Be2 Kxg5 54. cxd5 cxd5 55. a4 Kf4 56. Kb5 Ke3 57. Kb6 Nd6 58. a5 f4 59. a6 f3 60. Bxf3 Kxf3 61. Kc7 Nb5+ 62. Kb6 Nd6 1/2-1/2

[Event "Konakovo Rating 6"]
[Site "Konakovo"]
[Date "2011.05.10"]
[Round "6"]
[White "Matveev, Aleksandr"]
[Black "Andriyashenko, Vladimir"]
[Result "0-1"]
[WhiteElo "2040"]
[BlackElo "2070"]
[PlyCount "76"]
[EventDate "2011.05.03"]
[EventType "tourn"]
[EventRounds "13"]
[EventCountry "RUS"]
[SourceTitle "EXT 2023"]
[Source "ChessBase"]
[SourceDate "2022.10.05"]
[SourceVersion "1"]
[SourceVersionDate "2022.10.05"]
[SourceQuality "1"]

1. c4 Nf6 2. Nc3 g6 3. d4 c5 4. d5 d6 5. Nf3 Bg7 6. Bg5 0-0 7. Qd2 Re8 8. Bh6 Bh8 9. h3 Bf5 10. Nh4 Bd7 11. g3 b5 12. cxb5 a6 13. bxa6 Nxa6 14. Bg2 Qc8 15. g4 Nc7 16. 0-0 Nb5 17. Rfe1 Nxc3 18. bxc3 Bb5 19. e4 Nd7 20. f4 Ra3 21. Rac1 Qa6 22. Bf1 Bxf1 23. Rxf1 Qc4 24. Rc2 Bxc3 25. Qg2 Rb8 26. e5 Nb6 27. exd6 exd6 28. f5 Bd4+ 29. Kh1 Qxd5 30. fxg6 hxg6 31. Nf3 Rd3 32. Ng5 f6 33. Qxd5+ Nxd5 34. Nf3 Be3 35. Ne1 Rd1 36. g5 f5 37. Kg2 Bd4 38. Re2 Ne3+ 0-1

[Event "Konakovo Chervonny op"]
[Site "Konakovo"]
[Date "2010.09.26"]
[Round "7"]
[White "Presnyakov, Semen"]
[Black "Andriyashenko, Vladimir"]
[Result "1/2-1/2"]
[WhiteElo "1973"]
[BlackElo "2043"]
[PlyCount "74"]
[EventDate "2010.09.23"]
[EventType "swiss"]
[EventRounds "7"]
[EventCountry "RUS"]
[SourceTitle "EXT 2022"]
[Source "ChessBase"]
[SourceDate "2021.10.06"]
[SourceVersion "1"]
[SourceVersionDate "2021.10.06"]
[SourceQuality "1"]

1. c4 f5 2. Nc3 Nf6 3. d4 e6 4. g3 d5 5. Bg2 c6 6. Nf3 Be7 7. 0-0 0-0 8. b3 Bd7 9. Ne5 Be8 10. e3 Nbd7 11. a4 Nxe5 12. dxe5 Nd7 13. f4 dxc4 14. Ba3 Nc5 15. bxc4 Qa5 16. Qc2 Bh5 17. Bf3 Bxf3 18. Rxf3 Rfd8 19. e4 fxe4 20. Nxe4 Rd4 21. Bxc5 Bxc5 22. Kg2 Rad8 23. Kh3 Be7 24. c5 R8d5 25. Rc3 Qa6 26. Nd6 Rd2 27. Qe4 R2d4 28. Qc2 g5 29. Rf3 Rxe5 30. Qb2 g4+ 31. Kxg4 Rg5+ 32. Kh3 Rh5+ 33. Kg4 Rhd5 34. Qxb7 h5+ 35. Kh3 Qxb7 36. Nxb7 Bxc5 37. Nxc5 Rxc5 1/2-1/2

[Event "Konakovo Chervonny op"]
[Site "Konakovo"]
[Date "2010.09.24"]
[Round "2"]
[White "Andriyashenko, Vladimir"]
[Black "Stoletov, Gennadi"]
[Result "1-0"]
[WhiteElo "2043"]
[BlackElo "2288"]
[PlyCount "57"]
[EventDate "2010.09.23"]
[EventType "swiss"]
[EventRounds "7"]
[EventCountry "RUS"]
[SourceTitle "EXT 2022"]
[Source "ChessBase"]
[SourceDate "2021.10.06"]
[SourceVersion "1"]
[SourceVersionDate "2021.10.06"]
[SourceQuality "1"]

1. d4 Nf6 2. Nf3 g6 3. Bg5 Bg7 4. Nbd2 d5 5. e3 Bg4 6. c3 Nbd7 7. h3 Bf5 8. Be2 c6 9. 0-0 h6 10. Bf4 Qb6 11. b4 Be6 12. Ne5 a5 13. a3 Nxe5 14. Bxe5 0-0 15. Bd3 Ne8 16. Bxg7 Kxg7 17. Nb3 axb4 18. axb4 Rxa1 19. Qxa1 Nd6 20. Qa5 Qxa5 21. bxa5 Ra8 22. Ra1 Bc8 23. f3 f5 24. Kf2 Kf6 25. f4 g5 26. g3 Ne4+ 27. Bxe4 dxe4 28. c4 Be6 29. Nc5 1-0

[Event "Konakovo Chervonny op"]
[Site "Konakovo"]
[Date "2010.09.23"]
[Round "1"]
[White "Andriyashenko, Vladimir"]
[Black "Poluhovich, Igor"]
[Result "1-0"]
[WhiteElo "2040"]
[BlackElo "1819"]
[PlyCount "51"]
[EventDate "2010.09.23"]
[EventType "swiss"]
[EventRounds "7"]
[EventCountry "RUS"]
[SourceTitle "EXT 2022"]
[Source "ChessBase"]
[SourceDate "2021.10.06"]
[SourceVersion "1"]
[SourceVersionDate "2021.10.06"]
[SourceQuality "1"]

1. d4 e6 2. Nf3 f5 3. g3 Nf6 4. Bg2 d5 5. 0-0 Ne4 6. c4 Nd7 7. Qb3 c6 8. Nc3 Bd6 9. Nxe4 fxe4 10. Ng5 Nf6 11. f3 h6 12. Nh3 g5 13. Qc2 e5 14. fxe4 Bxh3 15. exd5 Rg8 16. Bxh3 g4 17. Bg2 cxd5 18. Qf5 Be7 19. dxe5 Qb6+ 20. Kh1 Ne4 21. Qf7+ Kd8 22. Qxd5+ Kc7 23. Qxe4 Rae8 24. Bf4 Kb8 25. b4 Bxb4 26. Rab1 1-0

[Event "Konakovo"]
[Site "Konakovo"]
[Date "2010.03.23"]
[Round "9"]
[White "Andriyashenko, Vladimir"]
[Black "Matveev, Aleksandr"]
[Result "1-0"]
[WhiteElo "1902"]
[BlackElo "2021"]
[PlyCount "57"]
[EventDate "2010.03.19"]
[EventType "tourn"]
[EventRounds "13"]
[EventCountry "RUS"]
[SourceTitle "EXT 2012"]
[Source "ChessBase"]
[SourceDate "2011.11.24"]
[SourceVersion "1"]
[SourceVersionDate "2011.11.24"]
[SourceQuality "1"]

1. d4 d5 2. Nf3 Nf6 3. g3 c6 4. Bg2 Bf5 5. 0-0 e6 6. c4 Nbd7 7. Nc3 Bd6 8. Nh4 Bg6 9. c5 Bc7 10. Bg5 h6 11. Nxg6 fxg6 12. Bc1 Qe7 13. b4 a6 14. a4 e5 15. e3 0-0 16. Ba3 g5 17. e4 Nxe4 18. Nxe4 dxe4 19. d5 Qe8 20. d6 Bd8 21. Bxe4 Nf6 22. Bg2 Qe6 23. b5 Qd7 24. Qb3+ Kh8 25. bxc6 bxc6 26. Rab1 Rf7 27. Bxc6 Qxc6 28. Qxf7 Ne4 29. Qb7 1-0

[Event "Konakovo"]
[Site "Konakovo"]
[Date "2010.03.20"]
[Round "4"]
[White "Nazarov, Valerij"]
[Black "Andriyashenko, Vladimir"]
[Result "1/2-1/2"]
[WhiteElo "2226"]
[BlackElo "1902"]
[PlyCount "30"]
[EventDate "2010.03.19"]
[EventType "tourn"]
[EventRounds "13"]
[EventCountry "RUS"]
[SourceTitle "EXT 2012"]
[Source "ChessBase"]
[SourceDate "2011.11.24"]
[SourceVersion "1"]
[SourceVersionDate "2011.11.24"]
[SourceQuality "1"]

1. e4 c6 2. d4 d5 3. Nd2 g6 4. e5 Bg7 5. f4 h5 6. Ndf3 Nh6 7. Be3 Bf5 8. Bd3 e6 9. Ne2 Bxd3 10. Qxd3 Nf5 11. Bf2 Qa5+ 12. c3 Qa6 13. Qd2 Nd7 14. 0-0 Bf8 15. g3 Be7 1/2-1/2

[Event "Konakovo Rating"]
[Site "Konakovo"]
[Date "2009.02.08"]
[Round "6"]
[White "Blinov, Sergey"]
[Black "Andriyashenko, Vladimir"]
[Result "1-0"]
[WhiteElo "1952"]
[BlackElo "1902"]
[PlyCount "76"]
[EventDate "2009.02.02"]
[EventType "tourn"]
[EventRounds "12"]
[EventCountry "RUS"]
[SourceTitle "EXT 2022"]
[Source "ChessBase"]
[SourceDate "2021.10.06"]
[SourceVersion "1"]
[SourceVersionDate "2021.10.06"]
[SourceQuality "1"]

1. Nf3 Nc6 2. g3 d5 3. Bg2 e6 4. 0-0 Nf6 5. d3 Be7 6. Nc3 0-0 7. Bf4 a6 8. Re1 Bb4 9. a3 Bc5 10. b4 Bb6 11. Na4 Ba7 12. c4 h6 13. b5 axb5 14. cxb5 Nd4 15. Nxd4 Bxd4 16. Rc1 e5 17. Bd2 Bg4 18. Qb3 c6 19. e3 cxb5 20. Nc5 Bxc5 21. Rxc5 Bd7 22. Bxd5 Nxd5 23. Rxd5 Be6 24. Rxd8 Bxb3 25. Rxf8+ Rxf8 26. Rb1 Ba4 27. Rb4 Rc8 28. Kf1 Rc2 29. Ke2 Ra2 30. Re4 f6 31. f4 exf4 32. gxf4 Rxa3 33. Re7 Bc2 34. Rd7 Rb3 35. e4 Rb1 36. e5 fxe5 37. fxe5 Bd1+ 38. Ke3 Bg4 1-0

[Event "Konakovo Rating"]
[Site "Konakovo"]
[Date "2009.02.02"]
[Round "1"]
[White "Andriyashenko, Vladimir"]
[Black "Matveev, Aleksandr"]
[Result "0-1"]
[WhiteElo "1902"]
[BlackElo "2114"]
[PlyCount "74"]
[EventDate "2009.02.02"]
[EventType "tourn"]
[EventRounds "12"]
[EventCountry "RUS"]
[SourceTitle "EXT 2022"]
[Source "ChessBase"]
[SourceDate "2021.10.06"]
[SourceVersion "1"]
[SourceVersionDate "2021.10.06"]
[SourceQuality "1"]

1. e4 c6 2. Nf3 d5 3. exd5 cxd5 4. d4 Bf5 5. Bd3 Bxd3 6. Qxd3 Nc6 7. 0-0 e6 8. Re1 Bd6 9. Nc3 Nge7 10. Bg5 Rc8 11. a3 0-0 12. Re2 Qb6 13. b4 a5 14. b5 Na7 15. Bxe7 Bxe7 16. Nxd5 exd5 17. Rxe7 Nxb5 18. Rb1 Qf6 19. Rxb7 Nc3 20. R1b3 Ne4 21. R7b6 Qf4 22. Qd1 Rfe8 23. g3 Qc7 24. Rb2 Nc3 25. Qd3 Na4 26. R6b3 Nxb2 27. Rxb2 Qc3 28. Qxc3 Rxc3 29. Ne5 f6 30. Nd3 Rxa3 31. Rb5 Rd8 32. Nf4 a4 33. Nxd5 Ra1+ 34. Kg2 a3 35. c3 a2 36. Ne7+ Kf8 37. Nc6 Rg1+ 0-1